| 000 | 01393nam0a22002651 4500 | ||
|---|---|---|---|
| 001 | rc\384475 | ||
| 005 | 20260407131030.0 | ||
| 035 | _a(NLR Aleph) 005611504 | ||
| 090 |
_a6418232 _c6418232 |
||
| 100 | _a20030307d1989 |||y0rusy50 ca | ||
| 101 | 0 | _arus | |
| 102 | _aRU | ||
| 105 | _ay ||||||||| | ||
| 200 | 1 |
_aКоренное повышение качества продукции, торгового обслуживания _eМетод. рекомендации в помощь пропагандистам по курсу "Интенсив. развитие экономики потреб. кооперации" и "Интенсификация кооп. торговли" _f[Разраб. Г.И. Башняниным и др.] |
|
| 210 |
_aМ. _cБ. и. _d1989 |
||
| 215 |
_a26 с. _d20 |
||
| 225 | 1 |
_aСистема производственно-экономической учебы _fЦентросоюз СССР, Совет по произв.-экон. обучению, Центр. учеб.-метод. каб. |
|
| 320 | _aБиблиогр.: с. 23-25 | ||
| 702 | 1 |
_aБашнянин _bГ.И. _4570 |
|
| 712 | 0 | 2 |
_aЦентросоюз _bСовет по производственно-экономическому обучению _9458120 _3RU\NLR\AUTH\889980954 |
| 801 | 0 |
_aRU _bNLR _gpsbo |
|
| 801 | 1 |
_aRU _bELAR _2rusmarc |
|
| 852 |
_aNLR _j89-4/6886 |
||
| 942 | _cBOOK | ||
| 980 | _aNB | ||